Statistiques concernant Culture Générale - Série 574

Cliquez ici pour prendre le quiz!

Statistiques générales

  • Ce quiz a été pris 65 fois
  • Le résultat moyen est 6 sur 10

Statistiques - réponses

Question Réponse % Correct
Selon l'expression, de quel animal a-t-on la chair quand on a froid ou peur ?poule
95%
Selon l'expression, de quel animal verse-t-on des larmes si on est hypocrite ?crocodile
91%
Qui chante "Quand je vois tes yeux" en 1996 ?Dany Brillant
69%
Sur une voiture, quels feux appelle-t-on aussi les warnings ?feux de détresse
66%
Sur quel royaume la dynastie des Plantagenêts a-t-elle régné de 1154 à 1485 ?Angleterre
60%
Qui chante qu'il entend "la voix des sages" en 2000 ?Yannick Noah
52%
Monsieur et Madame TARE ont un fils, comment s'appelle-t-il ?Guy
52%
Qui chante "Le Mendiant de l'amour" en 1980 ?Enrico Macias
48%
Qui présentait "Le Jeu de la vérité" à la télévision dans les années 1980 ?Patrick Sabatier
45%
Selon le générique d'un dessin animé, qui est "rond comme un ballon et plus jaune qu'un citron" ?Pac-Man
29%

Distribution des résultats

Percentile par nombre de réponses

% des personnes avec chaque résultat

Votre développement - résultats

Vous n’avez pas pris ce quiz